000 004310000a22001810004500
003 MACL
005 20150822145640.0
008 150822b xxu||||| |||| 00| 0 eng d
040 _aMACL
_cMACL
041 _aEnglish
082 _a632
100 _aPradhan, S
_96860
245 _aInsect Pests Of Crops
260 _bNatinoal Book Trust
_c1969
_aNew Delhi
350 _a11
650 _aAgriculture
_96862
942 _cBK
_k632.7
_2ddc
999 _c7802
_d7802